El ministerio educativo en la iglesia (Registro nro. 51775)
[ vista simple ]
| 000 -LÍDER | |
|---|---|
| Campo fijo de descripción fija | 01154aab a2200193 i 4500 |
| 001 - NÚMERO DE CONTROL | |
| Campo de control | 768714001 |
| 003 - IDENTIFICADOR DEL NÚMERO DE CONTROL | |
| Campo de control | CO-MdFUSB |
| 005 - FECHA Y HORA DE LA ULTIMA TRANSACCIÓN | |
| control field | 20240321155718.0 |
| 008 - ELEMENTOS DE LONGITUD FIJA -- INFORMACIÓN GENERAL | |
| Campo fijo de descripción fija -- Información general | 240321t1988 ag a|||| |||| 00| 0 spa d |
| 040 ## - FUENTE DE CATALOGACIÓN | |
| Idioma de catalogación | spa |
| Agencia que realiza la transcripción | CO-MdFUSB |
| 041 ## - CÓDIGO DE IDIOMA | |
| Código de idioma para texto/pista de sonido o título separado | spa |
| 100 1# - ASIENTO PRINCIPAL--NOMBRE PERSONAL | |
| Nombre personal | Zukowski de Ramírez, Elvira Ester |
| Término relacionador | autor |
| 245 13 - TÍTULO | |
| Título | El ministerio educativo en la iglesia |
| Mención de responsabilidad | / Elvira Ester Zukowski de Ramírez |
| 300 ## - DESCRIPCIÓN FÍSICA | |
| Extensión | Volumen 7, número 3 (septiembre,1988), páginas: 24 - 25 |
| Dimensiones | ; 27 cm |
| 520 ## - NOTA DE RESUMEN, ETC. | |
| Nota de sumario, etc. | El objetivo fundamental de la vida de Dios en nosotros es la transformación de la persona entera. El propósito divino de que los creyentes "sean hechos conforme a la imagen de Cristo" se refiere al desarrollo pleno de la vida de Dios en nosotros y no meramente al ejercicio de una conducta moralmente aceptable.<br/>Cuando se habla de enseñar la verdad bíblica no se trata de la comunicación verbal de una doctrina, sino de la experiencia en el contexto de un estilo de vida cristiano.<br/> |
| 650 #7 - ASIENTO SECUNDARIO DE MATERIA - TERMINO TEMÁTICO | |
| Término temático o nombre geográfico como elemento de entrada | Educación cristiana |
| 9 (RLIN) | 349 |
| 773 0# - ASIENTO DE ITEM FUENTE | |
| Título | Iglesia y Misión |
| Biblionumber | 49402 |
| Itemnumber | 59672 |
| Parte(s) relacionada(s) / Volumen., número. (mes año), páginas | Volumen 7, número 3 (septiembre,1988), páginas: 24 - 25 |
| Enumeración y primera página | páginas: 24 |
| 942 ## - TIPO DE MATERIAL (KOHA) | |
| Tipo de Item KOHA | Artículos de Revista |
No hay ítems disponibles.
